000
00319nam a2200133Ia 4500
008
151001s9999||||xx |||||||||||||| ||und||
100
_a
कुश्नचंदर
245
_a
अन्नदाता
250
_a
1
260
_b
नवदीप
260
_c
2006
300
_a
160
365
_b
21
999
_c
986241
_d
986238